Giáo trình cơ sở kỹ thuật cắt gọt kim loại : Máy và dụng cụ cắt gọt kim loại - phạm vi ứng dụng (sách dùng cho các trường đào tạo hệ Trung học chuyên nghiệp)
Nội dung tài liệu gồm 12 chương: Chương 1/ Vật liệu dụng cụ cắt. Chương 2/ Thông số hình học phần cắt của dụng cụ. Chương 3/ Các cơ cấu chuyển động và điều khiển. Chương 4/ Đại cương về chuyển động học trong máy công cụ. Chương 5/ Máy...
Saved in:
| Main Author: | |
|---|---|
| Format: | Book |
| Language: | Undetermined |
| Published: |
Hà Nội
Giáo dục
2006
|
| Subjects: | |
| Tags: |
Add Tag
No Tags, Be the first to tag this record!
|
| Institutions: | Trung tâm Học liệu Trường Đại học Cần Thơ |
|---|
| LEADER | 01579nam a2200217Ia 4500 | ||
|---|---|---|---|
| 001 | CTU_132127 | ||
| 008 | 210402s9999 xx 000 0 und d | ||
| 020 | |c 22000 | ||
| 082 | |a 671.53 | ||
| 082 | |b L561 | ||
| 100 | |a Nguyễn, Tiến Lưỡng | ||
| 245 | 0 | |a Giáo trình cơ sở kỹ thuật cắt gọt kim loại : | |
| 245 | 0 | |b Máy và dụng cụ cắt gọt kim loại - phạm vi ứng dụng (sách dùng cho các trường đào tạo hệ Trung học chuyên nghiệp) | |
| 245 | 0 | |c Nguyễn Tiến Lưỡng (chủ biên), Trần Sỹ Tuý, Bùi Quý Lực | |
| 260 | |a Hà Nội | ||
| 260 | |b Giáo dục | ||
| 260 | |c 2006 | ||
| 520 | |a Nội dung tài liệu gồm 12 chương: Chương 1/ Vật liệu dụng cụ cắt. Chương 2/ Thông số hình học phần cắt của dụng cụ. Chương 3/ Các cơ cấu chuyển động và điều khiển. Chương 4/ Đại cương về chuyển động học trong máy công cụ. Chương 5/ Máy tiện. Chương 6/ Máy khoan - máy doa - máy tổ hợp. Chương 7/ Máy phay. Chương 8/ Máy chuyển động thẳng. Chương 9/ Máy gia công ren và răng. Chương 10/ Máy mài. Chương 11/ Máy công cụ điều khiển số NC - CNC. Chương 12/ Các phương pháp gia công mới. | ||
| 650 | |a Cắt gọt kim loại,Metal-cutting | ||
| 904 | |i Quang Hiếu | ||
| 980 | |a Trung tâm Học liệu Trường Đại học Cần Thơ | ||